Analýza a prognóza vybraných činiteľov rastu výkonnosti ekonomiky diplomová práca

Saved in:
Bibliographic Details
Main Author: Hečko, Igor
Corporate Author: Národohospodárska fakulta EU. Katedra hospodárskej politiky
Other Authors: Pobudová, Daniela, 1982-
Format: Book
Language:Slovak
Published: Bratislava 2012
Tags: Add Tag
No Tags, Be the first to tag this record!

MARC

LEADER 00000nbm a2200000 4500
001 0153404
005 20161109102111.0
041 0 |a slo 
044 |a SK 
245 1 0 |a Analýza a prognóza vybraných činiteľov rastu výkonnosti ekonomiky  |b diplomová práca  |c Igor Hečko ; školiteľ: Daniela Pobudová 
264 1 |a Bratislava  |c 2012 
300 |a 67 s. 
100 1 |a Hečko, Igor 
700 1 |a Pobudová, Daniela, 1982- 
710 2 |a Národohospodárska fakulta EU. Katedra hospodárskej politiky